000 00450nam a2200181Ia 4500
001 8075
005 20260306160542.0
008 260306t1998||||xx |||||||||||||| ||spa||
041 _aESP
082 _a370.1
_bL12
100 _aLabinowicz, Ed
_eAUT
245 0 _aIntroducción a Piaget:
_bpensamiento, aprendizaje, enseñanza
260 _c1998
300 _a309 páginas :
_c28 cm.
650 _aGEN
654 _aCED
942 _cLIB
_dJUS
_fJUS
_2ddc
_n
999 _c8075
_d8075